00230nam a2200097Ia 4500008004100000100001500041245003000056260002000086300000800106650001800114190216s9999||||xx |||||||||||||| ||und|| aShivakumar 0aOne Act Plays Of Our Time bMacmillanc1977 a131 aEnglish Drama